Apples never fall / (Record no. 9537)
[ view plain ]
| 000 -LEADER | |
|---|---|
| fixed length control field | 00668nam a2200241ui 4500 |
| 001 - CONTROL NUMBER | |
| control field | 407736335 |
| 003 - CONTROL NUMBER IDENTIFIER | |
| control field | UkMaC |
| 005 - DATE AND TIME OF LATEST TRANSACTION | |
| control field | 20230411154251.0 |
| 008 - FIXED-LENGTH DATA ELEMENTS--GENERAL INFORMATION | |
| fixed length control field | 211201s2021 enk|||| | |||| ||eng d |
| 020 ## - INTERNATIONAL STANDARD BOOK NUMBER | |
| International Standard Book Number | 9780241396094 (pbk.) |
| 035 ## - SYSTEM CONTROL NUMBER | |
| System control number | (StEdALDL)1/4107082 |
| System control number | (UkOxU)022720865 |
| System control number | (UkCU)991006829198603606 |
| 040 ## - CATALOGING SOURCE | |
| Original cataloging agency | StEdALDL |
| Language of cataloging | eng |
| Description conventions | rda |
| Transcribing agency | StEdALDL |
| 082 ## - DEWEY DECIMAL CLASSIFICATION NUMBER | |
| Classification number | 813.54 |
| 245 00 - TITLE STATEMENT | |
| Title | Apples never fall / |
| Statement of responsibility, etc. | Liane Moriarty. |
| 264 #1 - PRODUCTION, PUBLICATION, DISTRIBUTION, MANUFACTURE, AND COPYRIGHT NOTICE | |
| Place of production, publication, distribution, manufacture | London : |
| Name of producer, publisher, distributor, manufacturer | Michael Joseph, |
| Date of production, publication, distribution, manufacture, or copyright notice | 2021. |
| 336 ## - CONTENT TYPE | |
| Content type term | text |
| Source | rdacontent. |
| 337 ## - MEDIA TYPE | |
| Media type term | unmediated |
| Source | rdamedia. |
| 338 ## - CARRIER TYPE | |
| Carrier type term | volume |
| Source | rdacarrier. |
| 942 ## - ADDED ENTRY ELEMENTS (KOHA) | |
| Source of classification or shelving scheme | Dewey Decimal Classification |
| Koha item type | Fiction |
| Withdrawn status | Lost status | Source of classification or shelving scheme | Damaged status | Not for loan | Collection code | Home library | Current library | Shelving location | Date acquired | Serial Enumeration / chronology | Total Checkouts | Full call number | Barcode | Date last seen | Date last checked out | Price effective from | Koha item type |
|---|---|---|---|---|---|---|---|---|---|---|---|---|---|---|---|---|---|
| Dewey Decimal Classification | Fiction | RTC Library | RTC Library | Fiction | 11/04/2023 | 177383 | 2 | FIC 813.54 MOR | 30018546 | 24/08/2024 | 09/08/2024 | 11/04/2023 | Fiction |